| 000 | 01002nam a2200313Ia 4500 | ||
|---|---|---|---|
| 001 | Z_6474 | ||
| 003 | CHAP | ||
| 008 | 220113s9999 xx 000 0 und d | ||
| 010 | _a169740 | ||
| 020 | _a978-607-9259-21-1 | ||
| 040 | _cCHAP | ||
| 082 | _a636.089 P76 2013 | ||
| 245 |
_aProntuario de especialidades veterinarias : farmaceúticas, biológicas y nutricionales / _ccoordinadores Alfonso Monroy P. y Magdalena Herrera M. |
||
| 250 | _a33a ed. | ||
| 260 |
_aMéxico : _bPLM México, _c |
||
| 300 | _a944 p. | ||
| 500 | _aLa obra está dividida en 2 secciones: Productos Farmacéuticos y Productos Nutricionales, | ||
| 503 | _aej.1: consumo \ ej.2: consumo | ||
| 650 |
_aVeterinaria _x _x Fórmulas, recetas _9144885 |
||
| 650 |
_aVeterinaria _x _x Manuales _9138379 |
||
| 700 |
_a Herrera M., Magdalena _9144886 |
||
| 700 |
_aMonroy P., Alfonso, coord. _9144887 |
||
| 901 | _a636.089 P76 2013 | ||
| 902 | _aM | ||
| 910 | _a | ||
| 942 | _c1 | ||
| 942 | _cc1 | ||
| 999 |
_c169740 _d169740 |
||